000 006120000a22002050004500
003 LK-CoMWRAF
005 20231213094535.0
008 230817t ||||| |||| 00| 0 eng d
040 _aLK-CoMWRAF
_dLK-CoMWRAF
_eLK-CoMWRAF
041 _aeng
082 _a909.097
_bWOR
245 _aThe world of Islam :
_bfaith, people, culture
260 _aLondon :
_bThames & Hudson,
_c1980
300 _a360p. : ill(some col), facsims.(some col), maps, music, 1plan, ports.(some col) ; 31cm.
650 _aIslam
650 _aCivilization-Islamic
650 _aIslamic Empire
700 _aLewis, Bernard
942 _cBK
999 _c137
_d137